LEADER 00887nam0-2200265 --450 001 9910287758303321 005 20181018143448.0 010 $a0900983515 100 $a20181018d1976----kmuy0itay5050----ba 101 0 $aeng 102 $aGB 200 1 $aProceedings of the second International Symposium on the Aerodynamics and Ventilation of Vehicle Tunnels 210 $aBedford, England$cBHRA, Fluid Engineering$d[1976] 215 $a570 p.$cill. ;$d31 cm 610 0 $aTunnel$aVentilazione$aCongressi 610 0 $aTunnel$aAerodinamica$aCongressi 676 $a624.1/93 712 02$aBHRA$c 801 0$aIT$bUNINA$gRICA$2UNIMARC 901 $aBK 912 $a9910287758303321 952 $aN7/38$b4859$fDINTR 959 $aDINTR 996 $aProceedings of the second International Symposium on the Aerodynamics and Ventilation of Vehicle Tunnels$91534740 997 $aUNINA